000 00425nam a2200157Ia 4500
008 210716s2012 xx 000 0 und d
020 _a9788120344211
041 _aeng
082 _a331.8 BASS
100 _aBasu, S K; Sahu, K C; Rajiv, B.
245 _aIndustrial organization and management.
250 _a1
260 _aNew Delhi
_bPHI Learning Pvt Ltd
_c2012
300 _axvii,418
650 _aIndustrial Relations
999 _c208094
_d208094